Score 0/39 Timer 07:00
0 Plays Today
Code Answer % Correct
FEIron
68.9%
HEHelium
63.1%
PBLead
62%
YEYemen
59.5%
ZNZinc
59.2%
TITitanium
44.5%
HGMercury
44.4%
NLNetherlands
42.6%
PLPoland
40.8%
LTLithuania
40.3%
OSOsmium
38.7%
EUEuropium
36.7%
RARadium
36.5%
POPolonium
35.3%
RORomania
35.2%
DEGermany
34.1%
RNRadon
33.7%
ETEthiopia
33.7%
BOBolivia
33%
LBLebanon
27%
Code Answer % Correct
YBYtterbium
26.2%
PUPlutonium
25.5%
PDPalladium
25.4%
BDBangladesh
22.2%
CECerium
21.4%
IDIndonesia
21.4%
HNHonduras
20.3%
HOHolmium
17.9%
GNGuinea
16.5%
TATantalum
14.3%
HSHassium
11.1%
NDNeodymium
10.9%
SASaudi Arabia
9.9%
BNBrunei
8.8%
TNTunisia
8%
UAUkraine
7.2%
SLSierra Leone
4.8%
MAMorocco
2.8%
MEMontenegro
2.5%

You're not logged in!

Compare scores with friends on all Sporcle quizzes.
OR
Log In

Sporcle TV

Today on Sporcle TV


Watch our educational content, quiz creation guides, and fun videos on Sporcle TV.

Show Comments

Extras

Top Quizzes Today


Score Distribution

Paid Content

Your Account Isn't Verified!

In order to create a playlist on Sporcle, you need to verify the email address you used during registration. Go to your Sporcle Settings to finish the process.

Report this User

Report this user for behavior that violates our Community Guidelines.

Details: